Von Nord nach Süd! - Statistiken

Allgemein
  • Dieses Quiz wurde 335 mal gespielt
  • Das Durchschnittsergebnis liegt bei 20 aus 25
Antwortstatistiken
Antwort % Korrekt
Schweden
98%
Finnland
96%
Russland
96%
Polen
89%
Estland
88%
Lettland
88%
Litauen
88%
Slowakei
88%
Tschechien
87%
Ungarn
87%
Bulgarien
84%
Türkei
82%
Ägypten
81%
Serbien
79%
Sudan
79%
Israel
78%
Südafrika
78%
Südsudan
76%
Syrien
75%
Demokratische Republik Kongo
74%
Jordanien
71%
Sambia
65%
Mosambik
64%
Eswatini
58%
Malawi
58%
Keine übereinstimmenden Quizze gefunden
Verteilung der Resultate
Anzahl Personen mit jedem Resultat
Perzentil nach korrekt beantworteten Fragen
Ihre Resultats-Entwicklung
Sie haben dieses Quiz noch nicht gespielt